00693 a2200193 4500003000400000005001700004008004100021020001800062040000900080082002000089100002700109245007700136250001200213260004500225300001000270942004600280952015600326999001700482OSt20231215115947.0231214b |||||||| |||| 00| 0 eng d a9788195931866 coclc a894.8128bEAG/E aEagleton, Terry910117 aEndhukondu Marx Sariyayirunnu ? = Why marx was right ? /cTerry Eagleton a1st ed. aKozhikode:bProgress Publication,c2023. a266p. 2ddccBKh894.8128k894.8128iEAG/EmEAG/E 00102ddc40708MISCELLANEOUSaMESbMEScMALd2023-12-14l3m5o894.8128 EAG/Ep43509r2024-11-11 10:08:51s2024-09-02v350.00w2023-12-14yBKzGR33R1 c44123d44123